[Event "Saint Affrique op 27th"]
[Site "Saint Affrique"]
[Date "2019.07.20"]
[Round "1"]
[White "Claisse, Patrick"]
[Black "Flear, Glenn C"]
[Result "0-1"]
[WhiteElo "1746"]
[BlackElo "2445"]
[PlyCount "62"]
[EventDate "2019.07.20"]
[EventType "swiss"]
[EventRounds "9"]
[EventCountry "FRA"]
[SourceTitle "EXT 2020"]
[Source "ChessBase"]
[SourceDate "2019.10.17"]
[SourceVersion "1"]
[SourceVersionDate "2019.10.17"]
[SourceQuality "1"]

1. e4 e5 2. Nf3 Nc6 3. Bb5 a6 4. Ba4 Nf6 5. 0-0 Be7 6. Re1 b5 7. Bb3 d6 8. c3 0-0 9. h3 Na5 10. Bc2 c5 11. d4 Qc7 12. Nbd2 Bd7 13. d5 c4 14. Nf1 Nb7 15. Bd2 Nc5 16. b4 cxb3 17. axb3 a5 18. b4 Na4 19. Bxa4 bxa4 20. Qe2 axb4 21. cxb4 Qb7 22. Bc3 Rfc8 23. Qb2 Bd8 24. Ng3 Bb6 25. Bd2 Rc4 26. Rac1 Rac8 27. Qa2 Qa6 28. Qb1 Qa7 29. Re2 Bb5 30. Rxc4 Bxc4 31. Qc2 Rc7 0-1

[Event "Montigny le Bretonneux 17th"]
[Site "Montigny le Bretonneux"]
[Date "2018.10.23"]
[Round "4"]
[White "Delin, Valere"]
[Black "Claisse, Patrick"]
[Result "0-1"]
[WhiteElo "1882"]
[BlackElo "1733"]
[PlyCount "122"]
[EventDate "2018.10.20"]
[EventType "tourn"]
[EventRounds "9"]
[EventCountry "FRA"]
[SourceTitle "CBM 187 Extra"]
[Source "ChessBase"]
[SourceDate "2018.11.04"]
[SourceVersion "1"]
[SourceVersionDate "2018.11.04"]
[SourceQuality "1"]

1. e4 c5 2. Nf3 d6 3. d4 cxd4 4. Nxd4 Nf6 5. Nc3 a6 6. Bg5 e6 7. f4 Be7 8. Qf3 Qc7 9. Bd3 Nc6 10. Nb3 Nb4 11. 0-0 Nxd3 12. cxd3 b5 13. e5 Bb7 14. Qg3 Nh5 15. Qg4 g6 16. Ne4 dxe5 17. fxe5 Qxe5 18. Bxe7 Bxe4 19. Bg5 Bd5 20. Rae1 Qc7 21. Kh1 0-0 22. Bd2 e5 23. Bc3 f6 24. Nd2 Nf4 25. Nf3 Nxd3 26. Rd1 Nf4 27. Bd2 Be6 28. Qg3 Nd5 29. Bh6 Rfd8 30. Rc1 Qf7 31. Nxe5 Qe8 32. Nc6 Rdc8 33. Qd6 Qd7 34. Qc5 Rc7 35. Rf2 Rac8 36. Rfc2 Rxc6 37. Qxc6 Rxc6 38. Rxc6 a5 39. a3 b4 40. axb4 axb4 41. Ra6 g5 42. Rca1 Nc7 43. Ra7 Qc6 44. h4 Kf7 45. hxg5 Kg6 46. Bf8 fxg5 47. Bxb4 h5 48. Bd2 h4 49. Rc1 Qd5 50. Raxc7 h3 51. Rg1 hxg2+ 52. Kh2 Qe5+ 53. Kxg2 Qxc7 54. Kf2 g4 55. Rg3 Qc2 56. Ke3 Qxb2 57. Rg2 Qe5+ 58. Kf2 Kf5 59. Be3 Bd5 60. Rg1 Qh2+ 61. Kf1 Bc4+ 0-1

[Event "Montigny le Bretonneux 17th"]
[Site "Montigny le Bretonneux"]
[Date "2018.10.20"]
[Round "1"]
[White "Verat Fayolle, Celian"]
[Black "Claisse, Patrick"]
[Result "1/2-1/2"]
[WhiteElo "1882"]
[BlackElo "1733"]
[PlyCount "52"]
[EventDate "2018.10.20"]
[EventType "tourn"]
[EventRounds "9"]
[EventCountry "FRA"]
[SourceTitle "CBM 187 Extra"]
[Source "ChessBase"]
[SourceDate "2018.11.04"]
[SourceVersion "1"]
[SourceVersionDate "2018.11.04"]
[SourceQuality "1"]

1. e4 c5 2. Nf3 d6 3. Bb5+ Bd7 4. Bxd7+ Qxd7 5. 0-0 Nc6 6. c3 Nf6 7. Re1 g6 8. d4 cxd4 9. cxd4 Bg7 10. Nc3 Rc8 11. h3 0-0 12. Bf4 Rfd8 13. e5 dxe5 14. dxe5 Nd5 15. Bd2 Nxc3 16. Bxc3 Qc7 17. Qb3 e6 18. Rad1 Rd7 19. Rxd7 Qxd7 20. Rd1 Qc7 21. Ng5 Rd8 22. Rxd8+ Qxd8 23. Qxb7 Qxg5 24. Qxc6 Qc1+ 25. Kh2 Qf4+ 26. Kg1 Qc1+ 1/2-1/2

[Event "Montigny Autumn-B 16th"]
[Site "Montigny le Bretonneux"]
[Date "2017.10.24"]
[Round "4"]
[White "Claisse, Patrick"]
[Black "Bremond, Louis"]
[Result "0-1"]
[WhiteElo "1748"]
[BlackElo "1844"]
[PlyCount "96"]
[EventDate "2017.10.21"]
[EventType "tourn"]
[EventRounds "9"]
[EventCountry "FRA"]
[SourceTitle "EXT 2019"]
[Source "ChessBase"]
[SourceDate "2018.10.10"]
[SourceVersion "1"]
[SourceVersionDate "2018.10.10"]
[SourceQuality "1"]

1. e4 d6 2. d4 Nf6 3. Nc3 g6 4. Nf3 Bg7 5. Be2 0-0 6. 0-0 e5 7. dxe5 dxe5 8. Qxd8 Rxd8 9. Bg5 Re8 10. h3 Be6 11. Rad1 c6 12. Nd2 b5 13. a3 a5 14. Ra1 Nbd7 15. Be3 Bf8 16. f3 Bc5 17. Bxc5 Nxc5 18. f4 b4 19. Nd1 Nfxe4 20. Nxe4 Nxe4 21. fxe5 Bd5 22. Ne3 Rxe5 23. Nxd5 cxd5 24. Rfd1 Rc8 25. axb4 axb4 26. Rac1 Ng3 27. Bf3 Ne2+ 28. Bxe2 Rxe2 29. Rd4 b3 30. c3 Rxb2 31. Rxd5 Rc2 32. Rb1 Rb8 33. Kh2 Rxc3 34. Rd2 Kg7 35. Rdb2 h5 36. Kg1 h4 37. Kf1 Kh6 38. Ke1 f5 39. Kd2 Rg3 40. Ke1 g5 41. Rc1 Rb5 42. Rc8 g4 43. hxg4 fxg4 44. Rh8+ Kg5 45. Rg8+ Kf4 46. Rf8+ Ke4 47. Rh8 h3 48. gxh3 Rxh3 0-1

[Event "Montigny Autumn-B 16th"]
[Site "Montigny le Bretonneux"]
[Date "2017.10.21"]
[Round "1"]
[White "Claisse, Patrick"]
[Black "Gazay, Didier"]
[Result "1/2-1/2"]
[WhiteElo "1748"]
[BlackElo "1757"]
[PlyCount "59"]
[EventDate "2017.10.21"]
[EventType "tourn"]
[EventRounds "9"]
[EventCountry "FRA"]
[SourceTitle "EXT 2019"]
[Source "ChessBase"]
[SourceDate "2018.10.10"]
[SourceVersion "1"]
[SourceVersionDate "2018.10.10"]
[SourceQuality "1"]

1. e4 e6 2. d4 d5 3. Nd2 Nf6 4. Bd3 c5 5. c3 cxd4 6. cxd4 Nc6 7. e5 Nd7 8. Ne2 Be7 9. 0-0 a6 10. f4 f5 11. Nf3 b5 12. a3 Nb6 13. b3 Bd7 14. Bd2 0-0 15. Be1 Be8 16. Bf2 Kh8 17. Qe1 b4 18. a4 Na5 19. Rb1 Nc6 20. Bh4 g6 21. Bg5 Bxg5 22. Nxg5 Qe7 23. Rf3 Bf7 24. h4 h5 25. Rg3 Be8 26. Rc1 Bd7 27. Nf3 Rg8 28. Rg5 Qe8 29. Rg3 Qe7 30. Rg5 1/2-1/2

[Event "Saint Affrique op 22nd"]
[Site "Saint Affrique"]
[Date "2014.07.22"]
[Round "5"]
[White "Soissong, Elzbieta"]
[Black "Claisse, Patrick"]
[Result "1/2-1/2"]
[WhiteElo "1620"]
[BlackElo "1788"]
[PlyCount "93"]
[EventDate "2014.07.19"]
[EventType "swiss"]
[EventRounds "9"]
[EventCountry "FRA"]
[SourceTitle "CBM 161 Extra"]
[Source "ChessBase"]
[SourceDate "2014.08.29"]
[SourceVersion "1"]
[SourceVersionDate "2014.08.29"]
[SourceQuality "1"]

1. d4 Nf6 2. Nf3 g6 3. e3 Bg7 4. b4 d5 5. Bb2 0-0 6. Nbd2 Nbd7 7. c4 c6 8. Qb3 b6 9. a4 Bb7 10. Be2 e6 11. 0-0 a5 12. Rac1 Qb8 13. b5 c5 14. Ne5 Nxe5 15. dxe5 Nd7 16. f4 Rd8 17. Qc2 Nf8 18. Bf3 Qc7 19. cxd5 exd5 20. e4 d4 21. Nc4 f6 22. Nd6 h6 23. Qc4+ Kh7 24. Nxb7 Qxb7 25. e6 Qe7 26. f5 Rac8 27. Rcd1 Rc7 28. Bc1 g5 29. Bh5 Qd6 30. Be3 Qe5 31. Bf3 Re7 32. Bf2 Qc7 33. Bg3 Qa7 34. Rfe1 Kh8 35. e5 Nh7 36. Bh5 fxe5 37. Bxe5 Bxe5 38. Rxe5 Nf6 39. Bf3 Qc7 40. Ree1 Kg7 41. g3 Rf8 42. Qe2 Rd8 43. Qc4 Rf8 44. Qe2 Rd8 45. Bh5 Nd5 46. Bf7 Nf6 47. Qc4 1/2-1/2

[Event "Montigny le Bretonneux op 17th"]
[Site "Montigny le Bretonneux"]
[Date "2013.05.18"]
[Round "3"]
[White "Etrog, Jonathan"]
[Black "Claisse, Patrick"]
[Result "1-0"]
[WhiteElo "2210"]
[BlackElo "1836"]
[PlyCount "41"]
[EventDate "2013.05.18"]
[EventType "swiss"]
[EventRounds "9"]
[EventCountry "FRA"]
[SourceTitle "EXT 2014"]
[Source "ChessBase"]
[SourceDate "2013.11.20"]
[SourceVersion "1"]
[SourceVersionDate "2013.11.20"]
[SourceQuality "1"]

1. c4 Nf6 2. g3 c5 3. Bg2 Nc6 4. Nc3 e6 5. Nf3 d5 6. cxd5 exd5 7. d4 cxd4 8. Nxd4 Be7 9. 0-0 0-0 10. Bg5 Nxd4 11. Qxd4 Be6 12. Rac1 Qa5 13. Qd2 Kh8 14. Be3 Rfd8 15. Rfd1 Rac8 16. Bd4 Ne8 17. Qe3 Bc5 18. Bxc5 Rxc5 19. b3 Nf6 20. Qd4 Rdc8 21. b4 1-0

[Event "Paris-ch op-B 87th"]
[Site "Paris"]
[Date "2012.07.09"]
[Round "3"]
[White "Claisse, Patrick"]
[Black "Benbara, Brahim"]
[Result "0-1"]
[WhiteElo "1879"]
[BlackElo "2057"]
[PlyCount "92"]
[EventDate "2012.07.07"]
[EventType "swiss"]
[EventRounds "9"]
[EventCountry "FRA"]
[SourceTitle "EXT 2013"]
[Source "ChessBase"]
[SourceDate "2012.11.22"]
[SourceVersion "1"]
[SourceVersionDate "2012.11.22"]
[SourceQuality "1"]

1. e4 c5 2. Nf3 d6 3. d4 cxd4 4. Nxd4 Nf6 5. Nc3 a6 6. Be2 e5 7. Nb3 Be7 8. Be3 Be6 9. 0-0 Nbd7 10. f4 Qc7 11. f5 Bc4 12. Bxc4 Qxc4 13. Qd3 Rc8 14. Rad1 b5 15. Qxc4 Rxc4 16. Nd2 Rc6 17. a3 0-0 18. Bg5 Bd8 19. Nb3 h6 20. Bh4 Rxc3 21. bxc3 Nxe4 22. Rfe1 Bxh4 23. Rxe4 Be7 24. c4 Nf6 25. Rh4 Nh7 26. Re4 Ng5 27. Rg4 h5 28. Rxg5 Bxg5 29. cxb5 axb5 30. Rxd6 Rc8 31. Rd5 e4 32. Kf1 Rxc2 33. Rxb5 e3 34. Nd4 Rf2+ 35. Ke1 Rxg2 36. Nf3 Bh6 37. h4 Bf4 38. Nd4 Rd2 39. Ne2 Bd6 40. Rb3 Bc5 41. Ng3 Rh2 42. Ne4 Ba7 43. Rb7 Rxh4 44. Ng5 Rg4 45. Nxf7 Bd4 46. a4 Rg2 0-1

[Event "Paris-ch op-B 87th"]
[Site "Paris"]
[Date "2012.07.08"]
[Round "2"]
[White "Masset, Jacques"]
[Black "Claisse, Patrick"]
[Result "1-0"]
[WhiteElo "2031"]
[BlackElo "1879"]
[PlyCount "77"]
[EventDate "2012.07.07"]
[EventType "swiss"]
[EventRounds "9"]
[EventCountry "FRA"]
[SourceTitle "EXT 2013"]
[Source "ChessBase"]
[SourceDate "2012.11.22"]
[SourceVersion "1"]
[SourceVersionDate "2012.11.22"]
[SourceQuality "1"]

1. d4 Nf6 2. c4 g6 3. Nc3 d5 4. Nf3 Bg7 5. Bg5 Ne4 6. cxd5 Nxc3 7. bxc3 Qxd5 8. Qb3 Qxb3 9. axb3 c5 10. e3 Nc6 11. Bb5 Bd7 12. 0-0 e6 13. Rfd1 cxd4 14. exd4 0-0 15. Rac1 Rac8 16. c4 Nb8 17. Bxd7 Nxd7 18. d5 e5 19. b4 a5 20. bxa5 Nc5 21. Be7 Rfe8 22. d6 Nd7 23. Rb1 Bf8 24. Bxf8 Kxf8 25. Rxb7 Red8 26. Rc7 Ke8 27. Re1 Rxc7 28. dxc7 Rc8 29. Nxe5 Nxe5 30. Rxe5+ Kd7 31. a6 Rxc7 32. Ra5 Rxc4 33. f3 Rc8 34. a7 Ra8 35. Kf2 Kc6 36. Ke3 Kb7 37. Kd4 Kb6 38. Ra2 Kb7 39. Ke5 1-0

[Event "Montigny le Bretonneux Noel op 14th"]
[Site "Montigny le Bretonneux"]
[Date "2011.12.26"]
[Round "1.8"]
[White "Claisse, Patrick"]
[Black "Rodriguez, Jean Pierre"]
[Result "1/2-1/2"]
[WhiteElo "1894"]
[BlackElo "1622"]
[PlyCount "72"]
[EventDate "2011.12.26"]
[EventType "swiss"]
[EventRounds "7"]
[EventCountry "FRA"]
[SourceTitle "EXT 2014"]
[Source "ChessBase"]
[SourceDate "2013.11.20"]
[SourceVersion "1"]
[SourceVersionDate "2013.11.20"]
[SourceQuality "1"]

1. e4 c6 2. d4 d5 3. Nc3 dxe4 4. Nxe4 Bf5 5. Ng3 Bg6 6. Nf3 e6 7. Ne5 Nd7 8. Nxg6 hxg6 9. Be3 Ngf6 10. Qd2 Qc7 11. Be2 Nd5 12. a3 Nxe3 13. Qxe3 Nf6 14. 0-0-0 Nd5 15. Qf3 0-0-0 16. c4 Qf4+ 17. Kb1 Qxf3 18. Bxf3 Nc7 19. Ne4 Be7 20. g3 f5 21. Nc3 Bf6 22. Ne2 g5 23. Bg2 Rhe8 24. Kc2 e5 25. dxe5 Bxe5 26. Nc1 Rxd1 27. Rxd1 Rd8 28. Rxd8+ Kxd8 29. Nd3 Bf6 30. b4 Ne6 31. Ne1 g4 32. Kd3 Nd4 33. f3 gxf3 34. Nxf3 Nxf3 35. Bxf3 Be5 36. a4 Kc7 1/2-1/2

[Event "Paris-ch op-A"]
[Site "Paris"]
[Date "2010.07.09"]
[Round "7"]
[White "Chaumont, Adeline"]
[Black "Claisse, Patrick"]
[Result "1-0"]
[WhiteElo "2029"]
[BlackElo "1911"]
[PlyCount "99"]
[EventDate "2010.07.03"]
[EventType "swiss"]
[EventRounds "9"]
[EventCountry "FRA"]
[SourceTitle "CBM 137 Extra"]
[Source "ChessBase"]
[SourceDate "2010.09.01"]
[SourceVersion "1"]
[SourceVersionDate "2010.09.01"]
[SourceQuality "1"]

1. d4 Nf6 2. c4 g6 3. Nc3 d5 4. cxd5 Nxd5 5. e4 Nxc3 6. bxc3 Bg7 7. Be3 0-0 8. Qd2 c5 9. Rc1 Qa5 10. Nf3 Rd8 11. d5 Nc6 12. Be2 b6 13. 0-0 Ba6 14. Bxa6 Qxa6 15. Bh6 Ne5 16. Nxe5 Bxe5 17. f4 Bg7 18. Bxg7 Kxg7 19. c4 Rab8 20. f5 b5 21. e5 h6 22. f6+ exf6 23. Rxf6 Qb7 24. Rcf1 Rf8 25. Qf2 Qe7 26. d6 Qxe5 27. Rxf7+ Rxf7 28. Qxf7+ Kh8 29. d7 Rg8 30. cxb5 Qd4+ 31. Kh1 c4 32. h3 c3 33. Qf6+ Qxf6 34. Rxf6 Kg7 35. Rc6 Rd8 36. Rxc3 Rxd7 37. Rc6 h5 38. a4 Kh6 39. Kh2 Re7 40. Ra6 Rb7 41. Rd6 Rc7 42. Rd4 Re7 43. a5 Rb7 44. Rb4 Kg5 45. b6 axb6 46. Rxb6 Ra7 47. a6 Kf5 48. h4 Kg4 49. Rxg6+ Kxh4 50. g3# 1-0

[Event "Paris-ch op-A"]
[Site "Paris"]
[Date "2010.07.06"]
[Round "4"]
[White "Claisse, Patrick"]
[Black "Mutombo Bantubikisha, Elie"]
[Result "1-0"]
[WhiteElo "1911"]
[BlackElo "1832"]
[PlyCount "87"]
[EventDate "2010.07.03"]
[EventType "swiss"]
[EventRounds "9"]
[EventCountry "FRA"]
[SourceTitle "CBM 137 Extra"]
[Source "ChessBase"]
[SourceDate "2010.09.01"]
[SourceVersion "1"]
[SourceVersionDate "2010.09.01"]
[SourceQuality "1"]

1. e4 e6 2. d4 d5 3. Nd2 Nf6 4. Bd3 Be7 5. e5 Nfd7 6. Qg4 c5 7. Qxg7 Rf8 8. c3 cxd4 9. cxd4 Nc6 10. Ne2 Qb6 11. Nf3 Bb4+ 12. Kf1 Be7 13. Qxh7 Ndb8 14. h4 Bd7 15. h5 Na6 16. Bh6 0-0-0 17. Bxf8 Rxf8 18. b3 Nab4 19. Bb1 f6 20. h6 fxe5 21. Qg7 Qd8 22. dxe5 Nxe5 23. Nxe5 Bf6 24. Qxd7+ Qxd7 25. Nxd7 Kxd7 26. a3 Bxa1 27. axb4 a6 28. h7 Bh8 29. Rh4 e5 30. Rg4 e4 31. Rg8 Ke7 32. Rxf8 Kxf8 33. Nf4 Kg7 34. Nxd5 Kxh7 35. Bxe4+ Kh6 36. Ke2 Be5 37. Kd3 Bd6 38. Bf5 b6 39. Kc4 Kg5 40. Bc8 a5 41. bxa5 bxa5 42. Kb5 Bh2 43. Kxa5 Bg1 44. f4+ 1-0